Global construction disputes report (Record no. 116101)

MARC details
000 -LEADER
fixed length control field 01555cad a22002295a 4500
001 - CONTROL NUMBER
control field L159745
008 - FIXED-LENGTH DATA ELEMENTS--GENERAL INFORMATION
fixed length control field 120529s2016 xxk 000 0 eng d
035 ## - SYSTEM CONTROL NUMBER
System control number (Sirsi) u159745
041 0# - LANGUAGE CODE
Language code of text/sound track or separate title eng
110 2# - MAIN ENTRY--CORPORATE NAME
Corporate name or jurisdiction name as entry element Arcadis
9 (RLIN) 6166
245 00 - TITLE STATEMENT
Title Global construction disputes report
Remainder of title 2016
-- don't get left behind
Medium [electronic resource]
250 ## - EDITION STATEMENT
Edition statement 6th ed.
260 ## - PUBLICATION, DISTRIBUTION, ETC.
Place of publication, distribution, etc. [S.l.]
Name of publisher, distributor, etc. Arcadis
Date of publication, distribution, etc. 2016
505 2# - FORMATTED CONTENTS NOTE
Formatted contents note Introduction -- The world economy in 2015 -- Overall findings -- North America -- Asia -- Middle East -- UK -- Continental Europe -- Australia -- Summary -- Methodology -- Contract solutions expertise -- Contact.
520 ## - SUMMARY, ETC.
Summary, etc. Reveals key themes and insights into the global construction disputes market. Takes an in-depth, data-driven review of Arcadis' projects and disputes globally in 2015 and focuses on five key areas, the length of disputes, average value, common causes, most popular resolution methods and region specific nuances. This report also includes an overview of the macroeconomic market position and goes on to cover all regions in which the Arcadis Contract Solutions team operates, including North America, UK, Continental Europe, Middle East, Asia and a new section on Australia.
590 ## - LOCAL NOTE (RLIN)
Local note KA NTK
651 #4 - SUBJECT ADDED ENTRY--GEOGRAPHIC NAME
Geographic name International
690 ## - LOCAL SUBJECT ADDED ENTRY--TOPICAL TERM (OCLC, RLIN)
Topical term or geographic name as entry element Dispute resolution
9 (RLIN) 6236
690 ## - LOCAL SUBJECT ADDED ENTRY--TOPICAL TERM (OCLC, RLIN)
Topical term or geographic name as entry element Construction management
9 (RLIN) 6230
856 40 - ELECTRONIC LOCATION AND ACCESS
Uniform Resource Identifier <a href="https://www.arcadis.com/media/3/E/7/%7B3E7BDCDC-0434-4237-924F-739240965A90%7DGlobal%20Construction%20Disputes%20Report%202016.pdf">https://www.arcadis.com/media/3/E/7/%7B3E7BDCDC-0434-4237-924F-739240965A90%7DGlobal%20Construction%20Disputes%20Report%202016.pdf</a>
Public note View the report free of charge at www.arcadis.com
942 ## - ADDED ENTRY ELEMENTS (KOHA)
Suppress in OPAC 0
Holdings
Withdrawn status Lost status Source of classification or shelving scheme Damaged status Not for loan Home library Current library Shelving location Date acquired Total Checkouts Full call number Barcode Date last seen Copy number Price effective from Koha item type
    Dewey Decimal Classification     Virtual Virtual Online 18/12/2017   ONLINE PUBLICATION 159745-2001 06/08/2019 1 06/08/2019 Book